000 00353 a2200157 4500
001 47889
020 _a9780194046565
040 _cAnchieta - Aquarius
100 _aSelby, Claire
240 1 0 _aPlaytime starter
_lpor
245 1 0 _aPlaytime starter
300 _a48
362 0 _a2011
650 4 _aLiteratura infanto-juvenil em inglês
942 _cBK
999 _c47889
_d47889